01347nam a2200325 4500001000400000003000400004005001700008008004100025040000800066041001300074082001600087100003300103240004200136245008700178260003700265300001100302490001600313520048800329650002300817650002200840650001300862650001500875650003000890650001600920650001000936655001200946655001600958700003100974830001601005136OSt20250528074013.0250128b |||||||g |||| 00| 1 eng d bpor hengapor a823bC555ma1 aChristie, Agatha,d1890-1976 aThe mirror crack´d from side to side aA maldição do espelho /cChristie, Agatha ; Tradução de Ana Maria Mandim aSão PaulobNova Culturalc1987 a207 p.1 aMiss Marple aNum instante, a pobre Heather Badcock tagarelava com seu ídolo, a fascinante atriz de cinema Marina Gregg. No outro, sofreu um ataque fulminante. Mas a quem realmente se destinava o veneno mortal? A expressão petrificada de Marina fazia crer que ela fora testemunha de algo terrível. Mas, enquanto os outros procuravam uma prova concreta, Miss Marple conduzia uma investigação bem diferente - sobre a natureza humana. Também foi publicado com o título: Espelho quebrado 0aLiteratura Inglesa 0aRomance Policial  0aSuspense 0aMistério 0aCrime e Investigação  0aClássicos 0aFilme 0aRomance 0aFicção  aAna Maria MandimeTradutor aMiss Marple